00751nam a2200217 i 450000100060000000300090000600500170001500700030003200800410003502000180007624500900009426000330018430000260021749000310024350000120027470000380028683000390032485200320036399900170039595201210041244950ES-MaACL20230906161126.0t|030324s1985 sp ||||1| spa d a84-7294-187-600aCódigo procesal civil internacional / c[recopilación], Francisco Ramos Méndez. aBarcelona : bBosch, c1985. aXX, 952 p. ; c25 cm.1 aBiblioteca procesal ; v21 aIndice.0 aRamos Méndez, Francisco.9953370 aBiblioteca procesal ; v219186611 aES-MaACLjL-8911 bR.110757 c44950d44950 00104070aATENEOMbATENEOMcDEPO2d2008-01-17eSCl0oL-8911p1047307r2023-02-23 00:00:00w2023-02-23yMONOGRAFIA